Bezvetrie

Bibliographic Details
Main Author: Elgyütt, Pavel, 1955-2011 (Author)
Format: Article
Language:Slovak
Subjects:

MARC

LEADER 00000nab a2200000 a 4500
001 vtls000065071
003 SK-MaSNL
005 20260304025150.0
008 111103c1980 xo 0 slo
015 |a SNBRB19rr/mm-uuuuu 
035 |a CL0075171 
040 |a SNKBUCL  |b slo  |c SNKBUCL  |e AACR2 
041 0 |a slo 
044 |a xo  |c SK 
080 |a 885.4-1  |2 1981 
100 1 |a Elgyütt, Pavel,  |d 1955-2011  |4 aut  |9 1306651 
245 1 0 |a Bezvetrie  |c Pavol Elgyütt 
655 7 |a články z novín a časopisov  |2 snkbucl  |9 267496 
655 7 |a články z odboru literárna veda a krásna literatúra  |2 snkbucl  |9 770045 
655 7 |a slovenská poézia  |2 snkbucl  |9 70444 
773 0 |t Nové slovo mladých  |g Roč. 3, č. 7 (1980), s. 3 
850 |a Slovenská národná knižnica 
852 |a Slovenská národná knižnica 
958 |a RK 
958 |a LX 
992 |a RBX 
999 |c 2625722  |d 2627652